Письма Лопухина А., состоящего при Московском Архиве иностранных дел, Шиллингу М. Ф.

Доступно только в Электронных читальных залах Найти на картеНа карте
RUSMARC
00003862nac2a22002653x 450
001debf6cdb-c6b4-48c1-b6d6-8ef8eaab162b
00520211214013131.0
100##$a20211120l1895 k y0rusy50 ca
1010#$arus
102##$aRU
105##$ay z |||e|
1220#$ad18950809
2001#$aПисьма Лопухина А., состоящего при Московском Архиве иностранных дел, Шиллингу М. Ф.
$j09 августа 1895
215##$a4 листа
251##$cДело
300##$aЛист: 1 - конверт с почтовыми штемпелями
300##$aРукописный текст
330##$aВходит в раздел описи: 3. Документы о научной и литературной деятельности барона Шиллинга М. Ф.. Письма разных лиц Шиллингу М. Ф.
461#0$1001ff9fc58f-089b-437b-980d-902343bc59d8
$12001
$aШиллинг Маврикий Фабианович, барон, секретарь русского посольства в Вене
$1251
$cФонд
$1852
$j813
462#0$1001665c067c-d934-4316-b9df-5bf0ad49190b
$12001
$aДела постоянного хранения. 1817-1917
$vД. 312
$1251
$cОпись
$1852
$j1
600#1$aШиллинг
$bМ. Ф.
$cбарон
$gМаврикий Фабианович
600#1$aЛопухин
$bА.
801#0$aRU
$bGA_RF
801#1$aRU
$bГлавНИВЦ
$c20211120
$2rusmarc
801#2$aRU
$bПБ им. Б.Н. Ельцина
$c20211214
$gRCR
$2rusmarc
852##$aГА РФ
$j312
937##$d171563492
$hГАРФ
035##$aRuPRLIB51061115
856##$uhttp://readingroom.main.prlib.ru/item.aspx?id_node=n171563492&mode=full
Формат отображения